000 00459nam a2200193Ia 4500
005 20240823013018.0
008 240823s9999||||xx |||||||||||||| ||und||
020 _a9971-51-266-1
041 _aENGLISH
082 _A537.622 P1
100 _aSze S M
245 0 _aPhysics of Semiconductor Devices
250 _a2nd
260 _c2001
_bWILEY EASRERN LI
500 _aTRANSFERED
650 _aPhysics
_bInstrumentation
942 _cBK
999 _c166036
_d166036